[Event "CHI-ch sf"]
[Site "Quilpue"]
[Date "2022.02.06"]
[Round "5"]
[White "Escudero Donoso, Felipe"]
[Black "Palma Neira, Eliseo Maximiliano"]
[Result "0-1"]
[WhiteElo "2119"]
[BlackElo "2029"]
[PlyCount "96"]
[EventDate "2022.02.04"]
[EventType "swiss"]
[EventRounds "8"]
[EventCountry "CHI"]
[SourceTitle "EXT 2023"]
[Source "ChessBase"]
[SourceDate "2022.10.05"]
[SourceVersion "1"]
[SourceVersionDate "2022.10.05"]
[SourceQuality "1"]

1. d4 d5 2. c4 e6 3. Nc3 Nf6 4. cxd5 exd5 5. Bg5 c6 6. Qc2 Be6 7. e3 Bd6 8. Bd3 h6 9. Bh4 Nbd7 10. Nf3 0-0 11. 0-0 Qc7 12. Rfc1 Rac8 13. Rab1 Bg4 14. Bg3 Bxg3 15. hxg3 c5 16. dxc5 Bxf3 17. gxf3 Qxc5 18. Bf5 Rc6 19. Bxd7 Nxd7 20. Qf5 Nb6 21. Rd1 Rd8 22. Rd4 Rf6 23. Qh5 Rg6 24. Rbd1 Rg5 25. Qh4 Re8 26. f4 Rg6 27. f5 Rf6 28. Qf4 g5 29. Qf3 Kg7 30. g4 Qc8 31. Ne2 Rc6 32. b3 Re5 33. a4 a5 34. Ng3 f6 35. Qe2 Rc2 36. Qb5 Qc7 37. R4d2 Rxd2 38. Rxd2 d4 39. Qe2 dxe3 40. Rc2 Qe7 41. f4 Rc5 42. fxg5 hxg5 43. Kh2 Nd5 44. Nh5+ Kf7 45. Rc4 Nc3 46. Qe1 Qe5+ 47. Kh3 Rxc4 48. bxc4 Nxa4 0-1

[Event "CHI-chT"]
[Site "Santiago de Chile"]
[Date "2019.09.05"]
[Round "1.2"]
[White "Vasquez Letnic, Carlos"]
[Black "Palma Neira, Eliseo Maximiliano"]
[Result "0-1"]
[WhiteElo "1805"]
[BlackElo "2019"]
[PlyCount "53"]
[EventDate "2019.09.05"]
[EventType "team-swiss"]
[EventRounds "9"]
[EventCountry "CHI"]
[SourceTitle "CBM 193 Extra"]
[Source "ChessBase"]
[SourceDate "2020.01.31"]
[SourceVersion "1"]
[SourceVersionDate "2020.01.31"]
[SourceQuality "1"]
[WhiteTeam "Boston College"]
[BlackTeam "Sertal II"]
[WhiteTeamCountry "CHI"]
[BlackTeamCountry "CHI"]

1. e4 e5 2. Nf3 Nc6 3. Bc4 Bc5 4. d3 Nf6 5. Bg5 d6 6. Nc3 h6 7. Bh4 g5 8. Nxg5 hxg5 9. Bxg5 Bb4 10. a3 Ba5 11. b4 Nxb4 12. 0-0 Bg4 13. f3 Bb6+ 14. Kh1 Be6 15. Bxe6 fxe6 16. axb4 Nh5 17. g4 Qxg5 18. gxh5 Qxh5 19. Qe2 0-0-0 20. Na4 Be3 21. c4 Rdg8 22. Ra2 Qg5 23. Qg2 Qf4 24. Qe2 Rg3 25. Nc3 Rxf3 26. Raa1 Rxf1+ 27. Rxf1 0-1

[Event "CHI-ch sf"]
[Site "Santiago de Chile"]
[Date "2018.12.08"]
[Round "4.6"]
[White "Palma Neira, Eliseo Maximiliano"]
[Black "Abarca Gonzalez, Nicolas"]
[Result "0-1"]
[WhiteElo "1989"]
[BlackElo "2415"]
[PlyCount "30"]
[EventDate "2018.12.07"]
[EventType "swiss"]
[EventRounds "8"]
[EventCountry "CHI"]
[SourceTitle "EXT 2024"]
[Source "ChessBase"]
[SourceDate "2023.10.10"]
[SourceVersion "1"]
[SourceVersionDate "2023.10.10"]
[SourceQuality "1"]

1. d4 Nf6 2. c4 g6 3. Nf3 Bg7 4. g3 0-0 5. Bg2 d6 6. Nc3 c6 7. 0-0 Na6 8. e4 e5 9. Rb1 Qb6 10. h3 exd4 11. Nxd4 Ng4 12. Nce2 Ne5 13. b3 c5 14. Nc2 f5 15. f4 Nf7 0-1

[Event "American Continental 14th"]
[Site "Montevideo"]
[Date "2018.06.07"]
[Round "8"]
[White "Palma Neira, Eliseo Maximiliano"]
[Black "Santos Filho, Tadeu Souza"]
[Result "1/2-1/2"]
[WhiteElo "1956"]
[BlackElo "2096"]
[PlyCount "134"]
[EventDate "2018.06.01"]
[EventType "swiss"]
[EventRounds "11"]
[EventCountry "URU"]
[SourceTitle "CBM 184 Extra"]
[Source "ChessBase"]
[SourceDate "2018.06.28"]
[SourceVersion "1"]
[SourceVersionDate "2018.06.28"]
[SourceQuality "1"]

1. d4 Nf6 2. Nf3 g6 3. c4 Bg7 4. g3 0-0 5. Bg2 d6 6. 0-0 Nc6 7. Nc3 e5 8. d5 Nb8 9. e4 a5 10. Ne1 Nfd7 11. Nd3 f5 12. Be3 b6 13. a3 Ba6 14. Nb5 Nc5 15. Nxc5 bxc5 16. Qd2 Bxb5 17. cxb5 f4 18. gxf4 exf4 19. Bxf4 Qf6 20. Bh6 Bxh6 21. Qxh6 Qxb2 22. Bh3 Qg7 23. Be6+ Kh8 24. Qxg7+ Kxg7 25. a4 Rd8 26. Rab1 Nd7 27. Bxd7 Rxd7 28. b6 cxb6 29. Rxb6 g5 30. Re1 h6 31. Rc6 Re8 32. Ra6 Kf6 33. Rxa5 c4 34. Ra6 Ke5 35. Rc6 Kd4 36. Rd1+ Kxe4 37. Rxc4+ Kf5 38. Rdd4 Ra8 39. Re4 Ra5 40. Re6 Rxd5 41. Rxh6 Rd1+ 42. Kg2 d5 43. Rcc6 d4 44. Rce6 Rf7 45. a5 Ra1 46. a6 Ra2 47. h3 Kf4 48. Re1 Kf5 49. Rd6 Rd2 50. Kg3 Rc7 51. Rd5+ Kf6 52. Rd6+ Kf5 53. Ree6 Rf7 54. Rb6 Rd7 55. f3 d3 56. Red6 Rxd6 57. Rxd6 Ra2 58. Rxd3 Rxa6 59. Rd5+ Kf6 60. h4 gxh4+ 61. Kxh4 Ra1 62. Kg4 Rb1 63. Rd4 Ra1 64. Rb4 Ra6 65. Rb5 Rc6 66. Rf5+ Kg6 67. Rg5+ Kf6 1/2-1/2

[Event "Freire Verano U2200 op"]
[Site "Freire"]
[Date "2018.02.24"]
[Round "1.2"]
[White "Neira Varela, Sebastian Antonio"]
[Black "Palma Neira, Eliseo Maximiliano"]
[Result "0-1"]
[WhiteElo "1415"]
[BlackElo "1950"]
[PlyCount "76"]
[EventDate "2018.02.24"]
[EventType "swiss"]
[EventRounds "6"]
[EventCountry "CHI"]
[SourceTitle "EXT 2024"]
[Source "ChessBase"]
[SourceDate "2023.10.10"]
[SourceVersion "1"]
[SourceVersionDate "2023.10.10"]
[SourceQuality "1"]

1. e4 e5 2. Nf3 Nc6 3. Bc4 Bc5 4. c3 Nf6 5. d3 a6 6. 0-0 d6 7. a3 Ba7 8. Re1 h6 9. Be3 0-0 10. Bxa7 Rxa7 11. d4 exd4 12. cxd4 d5 13. exd5 Nxd5 14. Nc3 Be6 15. Bb3 Nce7 16. Nxd5 Nxd5 17. Qd2 Qd6 18. Rac1 Raa8 19. h3 Rad8 20. Rc2 c6 21. Ne5 Nc7 22. Bxe6 Nxe6 23. Rd1 Nxd4 24. Rc4 Ne2+ 25. Qxe2 Qxd1+ 26. Qxd1 Rxd1+ 27. Kh2 Rd2 28. Rb4 Rd5 29. Nc4 b5 30. Ne3 Rd2 31. Kg3 c5 32. Re4 f5 33. Rf4 g5 34. Rxf5 Rxf5 35. Nxf5 Rxb2 36. Nxh6+ Kh7 37. Nf5 c4 38. Nd4 c3 0-1

[Event "Antofagasta Zicosur op 3rd"]
[Site "Antofagasta"]
[Date "2017.01.10"]
[Round "1"]
[White "Palma Neira, Eliseo Maximiliano"]
[Black "Granda Zuniga, Julio E"]
[Result "0-1"]
[WhiteElo "1932"]
[BlackElo "2644"]
[PlyCount "54"]
[EventDate "2017.01.10"]
[EventType "swiss"]
[EventRounds "9"]
[EventCountry "CHI"]
[SourceTitle "CBM 176 Extra"]
[Source "ChessBase"]
[SourceDate "2017.03.02"]
[SourceVersion "1"]
[SourceVersionDate "2017.03.02"]
[SourceQuality "1"]

1. d4 d5 2. c4 dxc4 3. Nf3 a6 4. a4 Nc6 5. Nc3 Bg4 6. e3 Na5 7. Be2 Bxf3 8. Bxf3 e6 9. 0-0 Nf6 10. Rb1 Be7 11. e4 0-0 12. Be3 c6 13. d5 Qc7 14. dxe6 fxe6 15. Be2 b5 16. f4 Rad8 17. Qc2 Nb3 18. e5 Nd5 19. Nxd5 cxd5 20. Bg4 Qc6 21. axb5 axb5 22. Qe2 d4 23. Bf3 Qc5 24. Bf2 Rxf4 25. Be4 g6 26. Bf3 d3 27. Bxc5 Bxc5+ 0-1

[Event "Arica op 2nd"]
[Site "Arica"]
[Date "2015.01.14"]
[Round "2"]
[White "Garcia Cardenas, Pablo"]
[Black "Palma Neira, Eliseo Maximiliano"]
[Result "1-0"]
[WhiteElo "2409"]
[BlackElo "2003"]
[PlyCount "85"]
[EventDate "2015.01.13"]
[EventType "swiss"]
[EventRounds "9"]
[EventCountry "CHI"]
[SourceTitle "EXT 2016"]
[Source "ChessBase"]
[SourceDate "2015.10.08"]
[SourceVersion "1"]
[SourceVersionDate "2015.10.08"]
[SourceQuality "1"]

1. c4 c5 2. g3 Nc6 3. Bg2 g6 4. Nc3 Bg7 5. Nf3 e5 6. 0-0 d6 7. d3 Nge7 8. a3 a5 9. Ne1 0-0 10. Nc2 Be6 11. Ne3 f5 12. Ned5 h6 13. Rb1 Rb8 14. Bd2 g5 15. b4 axb4 16. axb4 f4 17. bxc5 dxc5 18. Nxe7+ Qxe7 19. Ne4 Nd4 20. Re1 b6 21. e3 f3 22. exd4 fxg2 23. dxc5 bxc5 24. Be3 Rbc8 25. Rb5 Rfd8 26. Qc2 Bf5 27. Bxc5 Qe6 28. Rb6 Rc6 29. Reb1 Rdc8 30. Qc3 Qd7 31. Rb7 R8c7 32. Rb8+ Kh7 33. Bf8 Qe6 34. Bxg7 Rxg7 35. Rf8 Rf7 36. Nc5 Qe7 37. Rxf7+ Qxf7 38. Qxe5 Rc7 39. Re1 Bh3 40. Ne4 Rc6 41. Nd6 Qf3 42. Qe7+ Kg6 43. Qe8+ 1-0

[Event "Concepcion Lesly Memorial"]
[Site "Concepcion"]
[Date "2014.03.22"]
[Round "9"]
[White "Palma Neira, Eliseo Maximiliano"]
[Black "Munoz Duran, Jaime"]
[Result "1/2-1/2"]
[WhiteElo "1977"]
[BlackElo "1939"]
[PlyCount "136"]
[EventDate "2014.03.01"]
[EventType "tourn"]
[EventRounds "9"]
[EventCountry "CHI"]
[SourceTitle "EXT 2016"]
[Source "ChessBase"]
[SourceDate "2015.10.08"]
[SourceVersion "1"]
[SourceVersionDate "2015.10.08"]
[SourceQuality "1"]

1. d4 Nf6 2. c4 g6 3. Nf3 Bg7 4. d5 d6 5. Nc3 c6 6. e4 0-0 7. h3 cxd5 8. cxd5 e6 9. Be2 exd5 10. exd5 Nbd7 11. 0-0 Nb6 12. Bf4 Bf5 13. Qb3 Rc8 14. Rac1 Ne4 15. a4 Nxc3 16. bxc3 Rc5 17. Bg5 Qc7 18. Nd4 Bd7 19. Nb5 Bxb5 20. axb5 Rxd5 21. Be3 Re5 22. Ra1 Nd5 23. Bd4 Nxc3 24. Bxc3 Rxe2 25. Bxg7 Kxg7 26. Rxa7 Qb6 27. Ra4 Rfe8 28. Rf4 R8e7 29. Qc3+ R2e5 30. Rd4 f6 31. Rfd1 Qc5 32. Qa1 Rf5 33. Qa2 Qxb5 34. Rxd6 Rfe5 35. Qd2 Re2 36. Qc3 Qf5 37. Qd4 b5 38. Rd3 Qe5 39. Qxe5 R2xe5 40. Rb6 Re1+ 41. Kh2 Rb1 42. Rdd6 f5 43. Rd5 b4 44. Rd4 b3 45. Rdb4 Re2 46. Rb7+ Kf6 47. f4 Rbb2 48. R4b6+ Re6 49. Rxb3 Rxb3 50. Rxb3 h6 51. Rb8 g5 52. Rf8+ Kg6 53. fxg5 Kxg5 54. Rg8+ Kh5 55. Kg1 Re2 56. Kh2 f4 57. Kg1 Rb2 58. Rg4 f3 59. gxf3 Rb3 60. Rf4 Kg5 61. Rg4+ Kh5 62. Rf4 Kg5 63. Rf8 Kh4 64. f4 Kg3 65. Kf1 Rf3+ 66. Ke2 Rxf4 67. Rxf4 Kxf4 68. Kf2 h5 1/2-1/2

[Event "Concepcion Mayor"]
[Site "Concepcion"]
[Date "2014.03.12"]
[Round "2.1"]
[White "Palma Neira, Eliseo Maximiliano"]
[Black "Fica Cruz, Joaquin"]
[Result "1-0"]
[WhiteElo "1977"]
[BlackElo "1970"]
[PlyCount "139"]
[EventDate "2014.03.10"]
[EventType "tourn"]
[EventRounds "9"]
[EventCountry "CHI"]
[SourceTitle "EXT 2024"]
[Source "ChessBase"]
[SourceDate "2023.10.10"]
[SourceVersion "1"]
[SourceVersionDate "2023.10.10"]
[SourceQuality "1"]

1. d4 d5 2. c4 e6 3. Nf3 Nf6 4. Nc3 c6 5. e3 Nbd7 6. cxd5 exd5 7. Bd3 Bd6 8. 0-0 0-0 9. Qc2 Qc7 10. a3 a6 11. b4 Re8 12. Bb2 Nf8 13. h3 Bd7 14. Rac1 Qc8 15. Ne5 Bxe5 16. dxe5 Rxe5 17. Na4 Qc7 18. Bxe5 Qxe5 19. Qc3 Qh5 20. f3 Re8 21. Nc5 Bc8 22. e4 Ng6 23. Qd2 Qh4 24. Qf2 Qh6 25. Rfe1 Rf8 26. exd5 Nf4 27. Bf1 N6xd5 28. Qg3 Nh5 29. Qf2 Qg5 30. Ne4 Qg6 31. Qh4 h6 32. Bc4 Nhf4 33. Qg3 Qh5 34. Bxd5 Nxd5 35. Nd6 Nf6 36. Re5 Qg6 37. Qxg6 fxg6 38. Nxc8 Rxc8 39. Re7 Rb8 40. Rce1 Kf8 41. R7e5 Nd5 42. Rd1 Kf7 43. g3 g5 44. Rd4 g6 45. a4 Kf6 46. Re1 Rd8 47. f4 gxf4 48. gxf4 g5 49. fxg5+ hxg5 50. Kf2 Kf5 51. Kg3 Ra8 52. Rde4 Rh8 53. Re8 Rh4 54. R8e5+ Kf6 55. Re6+ Kf7 56. R6e4 Rh8 57. b5 axb5 58. axb5 Ra8 59. Re5 Rg8 60. Rf5+ Kg6 61. Ree5 Ra8 62. Rxg5+ Kf6 63. Rgf5+ Kg6 64. Rf3 Rc8 65. h4 Kh6 66. Re6+ Kg7 67. Rd6 Nb6 68. h5 Rc7 69. bxc6 Rxc6 70. Rxc6 1-0